Uczestnicy Ligi Mistrzów 2024/2025 z top 5 lig - Statystyki

Ogólne statystyki
  • Ten quiz został rozwiązany 220 razy
    139 od ostatniego zresetowania
  • Średni wynik to 17 z 22
Statystyki odpowiedzi
Kluby % Poprawnych
FC Barcelona
96%
Real Madryt
96%
PSG
93%
Bayern Monachium
92%
Manchester City
91%
Atlético Madryt
90%
AC Milan
89%
Inter Mediolan
89%
Liverpool FC
89%
Arsenal FC
86%
Juventus FC
85%
Borussia Dortmund
84%
Bayer Leverkusen
82%
Girona FC
79%
Aston Villa
76%
Atalanta
62%
RB Lipsk
62%
AS Monaco
60%
Bologna FC 1909
59%
VFB Stuttgart
42%
Lille OSC
41%
Stade Brest 29
27%
Nie znaleziono quizów pasujących do podanych kryteriów
Rozkład punktacji
Procent ludzi z każdym wynikiem
Percentyl według liczby udzielonych odpowiedzi
Twoja historia wyników
Nie rozwiązałeś tego quizu od ostatniego zresetowania